000 00431nam a2200181Ia 4500
005 20250423095938.0
008 250422s9999 xx 000 0 und d
020 _a9789789735594
050 _aKP 104 .O3/
100 _aOgbuabia, A. & Alimi, K.
245 0 _aLand law and practice in Nigeria
250 _a1st ed
260 _aLagos
260 _bCityway books ventures
260 _c2019
300 _a318 p
942 _cBK
999 _c31815
_d31815